书目信息 |
| 题名: |
生物化学实验教程
|
|
| 作者: | 王金亭 , 方俊 主编 | |
| 分册: | ||
| 出版信息: | 武汉 华中科技大学出版社 2010.08 |
|
| 页数: | 248页 | |
| 开本: | 26cm | |
| 丛书名: | ||
| 单 册: | ||
| 中图分类: | Q5-33 | |
| 科图分类: | ||
| 主题词: | 生物化学--sheng wu hua xue--实验--高等学校--教材 | |
| 电子资源: | ||
| ISBN: | 978-7-5609-6431-7 | |
| 000 | 01044nam0 2200289 450 | |
| 001 | 012010688766 | |
| 005 | 20101107095556.95 | |
| 010 | @a978-7-5609-6431-7@dCNY26.00 | |
| 100 | @a20101107d2010 em y0chiy0120 ea | |
| 101 | 0 | @achi |
| 102 | @aCN@b420000 | |
| 105 | @aak a 000yy | |
| 106 | @ar | |
| 200 | 1 | @a生物化学实验教程@Asheng wu hua xue shi yan jiao cheng@f王金亭, 方俊主编@Fzhu bian wang jin ting,fang jun |
| 210 | @a武汉@c华中科技大学出版社@d2010.08 | |
| 215 | @a248页@c图@d26cm | |
| 300 | @a全国应用型本科院校化学课程统编教材 | |
| 312 | @a英文并列题名取自封面 | |
| 320 | @a有书目 | |
| 330 | @a本书包括两篇:生物化学实验基础和生物化学实验,前者主要介绍传统的、现代的生物化学实验技术,后者选编了基础性实验、综合性实验和设计性实验。 | |
| 510 | 1 | @aBioligical chemistry experiments@zeng |
| 606 | 0 | @a生物化学@Asheng wu hua xue@x实验@x高等学校@j教材 |
| 690 | @aQ5-33@v4 | |
| 701 | 0 | @a王金亭@Awang jin ting@4主编 |
| 701 | 0 | @a方俊@Afang jun@4主编 |
| 801 | 0 | @aCN@bQSSK@c20101107 |
| 905 | @b787999-8001@dQ5-33@eW236@f3 | |
| 生物化学实验教程/王金亭, 方俊主编.-武汉:华中科技大学出版社,2010.08 |
| 248页:图;26cm |
| 全国应用型本科院校化学课程统编教材 |
| ISBN 978-7-5609-6431-7:CNY26.00 |
| 本书包括两篇:生物化学实验基础和生物化学实验,前者主要介绍传统的、现代的生物化学实验技术,后者选编了基础性实验、综合性实验和设计性实验。 |
| ● |
| 相关链接 |
|
|
|
正题名:生物化学实验教程
索取号:Q5-33/W236
 
预约/预借
| 序号 | 登录号 | 条形码 | 馆藏地/架位号 | 状态 | 备注 |
| 1 | 787999 | 207879991 | 自科二线504/504自科库 37排2列6层/ [索取号:Q5-33/W236] | 在馆 | |
| 2 | 788000 | 207880006 | 自科二线504/504自科库 37排2列6层/ [索取号:Q5-33/W236] | 在馆 | |
| 3 | 788001 | 207880015 | 自科二线504/504自科库 37排2列6层/ [索取号:Q5-33/W236] | 在馆 |